Účtovníctvo II.
Salvato in:
| Autore principale: | |
|---|---|
| Altri autori: | , , , , , , , , |
| Natura: | Libro |
| Lingua: | slovacco |
| Pubblicazione: |
Bratislava
SÚVAHA
2003
|
| Soggetti: | |
| Tags: |
Nessun Tag, puoi essere il primo ad aggiungerne!!
|
MARC
| LEADER | 00000nam$a2200000$$$4500 | ||
|---|---|---|---|
| 001 | 0002409 | ||
| 005 | 20230718082725.7 | ||
| 020 | |a 80-88727-67-7 | ||
| 041 | 0 | |a slo | |
| 044 | |a SK | ||
| 245 | 1 | 0 | |a Účtovníctvo II. |c Božena Petrjánošová a kolektív |
| 264 | 1 | |a Bratislava |b SÚVAHA |c 2003 | |
| 300 | |a 415 s. | ||
| 610 | 2 | 0 | |a účtovníctvo |
| 610 | 2 | 0 | |a jednotka účtovná |
| 610 | 2 | 0 | |a teória účtovníctva |
| 610 | 2 | 0 | |a oceňovanie |
| 610 | 2 | 0 | |a operácie účtovné |
| 610 | 2 | 0 | |a závierka účtovná |
| 610 | 2 | 0 | |a závierka ročná konsolidovaná |
| 610 | 2 | 0 | |a štandardy |
| 100 | 1 | |a Petrjánošová, Božena | |
| 700 | 1 | |a Baštincová, Anna | |
| 700 | 1 | |a Hvoždarová, Jana | |
| 700 | 1 | |a Juríková, Renáta | |
| 700 | 1 | |a Laučík, Zdenko | |
| 700 | 1 | |a Nagy, Július | |
| 700 | 1 | |a Šlosárová, Anna | |
| 700 | 1 | |a Švec, Ľuboš | |
| 700 | 1 | |a Užík, Ján, 1969- | |
| 700 | 1 | |a Vanko, Jozef | |